|
|
|
|
| LEADER |
00000nkm a2200000 a 4500 |
| 001 |
vtls009942061 |
| 003 |
SK-MaSNL |
| 005 |
20260301030006.0 |
| 007 |
kf bo |
| 008 |
230706q1907 xo g k|slo |
| 015 |
|
|
|a SNBG1907
|
| 035 |
|
|
|a 19256551-4514-4308-AD70-A303CD214886
|
| 035 |
|
|
|a urn:nbn:sk:snk-km004kn9
|
| 035 |
|
|
|a urn:nbn:sk:snk-kmtgx4
|
| 040 |
|
|
|a SNK
|b slo
|c SNK
|e AACR2
|
| 041 |
0 |
|
|a slo
|
| 043 |
|
|
|a e-xo---
|
| 044 |
|
|
|a xo
|c SK
|
| 072 |
|
7 |
|a 913
|x Regionálna geografia
|2 konspekt
|
| 080 |
|
|
|a 913(437.6)
|2 2001
|
| 080 |
|
|
|a (084.121)
|2 2001
|
| 080 |
|
|
|a 721
|2 2001
|
| 080 |
|
|
|a 726:27-523.42
|2 2001
|
| 245 |
0 |
0 |
|a Pozdrav z Velké
|h grafika
|
| 260 |
|
|
|a Ve Velké
|b David Grünfeld
|c [1907?]
|
| 300 |
|
|
|a 1 pohľadnica (3 čiastkové pohľady)
|b čiernobiela
|c 9 x 14 cm
|
| 500 |
|
|
|a Veľká je časť mesta Poprad. Od roku 1946 je pripojená k Popradu
|
| 500 |
|
|
|a Názvové údaje prevzaté z obrazovej časti pohľadnice
|
| 520 |
8 |
|
|a Zobrazenie: Pohľady na budovy a kostol vo Veľkej
|
| 650 |
0 |
7 |
|a budovy
|2 SNKPH
|9 1283
|
| 650 |
0 |
7 |
|a kostoly
|2 SNKPH
|9 3023
|
| 651 |
|
7 |
|a Veľká (Poprad, Slovensko)
|2 SNKPHgeo
|9 31782
|
| 655 |
|
7 |
|a miestne pohľadnice
|2 SNKPH
|9 70510
|
| 655 |
|
7 |
|a historické pohľadnice
|2 SNKPH
|9 159703
|
| 752 |
|
|
|a Slovensko
|d Velká
|
| 852 |
|
|
|a Slovenská národná knižnica
|
| 958 |
|
|
|a GBN
|
| 958 |
|
|
|a ONDV
|
| 958 |
|
|
|a GC
|
| 999 |
|
|
|c 573613
|d 575543
|
| 952 |
|
|
|a SNK
|b SNK
|y PREZ
|7 0
|p 17A0629570
|o snkSP 99749
|3 rekatalogizácia
|z Pohľadnica prešla poštou.
|0 0
|1 0
|4 0
|d 2009-08-21
|f 1
|l 0
|r 2026-02-23 14:24:20
|w 2026-02-23
|